Islands by Satellite Image #12 - Statistics

General Stats
  • This quiz has been taken 55 times
  • The average score is 4 of 16
Answer Stats
Picture Answer % Correct
Miquelon-Langlade
56%
Bouvet Island
50%
New Ireland
47%
Chiloé
41%
La Palma
31%
Sumba
31%
Nantucket
25%
São Miguel
25%
Kefalonia
22%
New Providence
16%
Kotelny Island
13%
Prince of Wales Island
9%
Lord Howe Island
6%
Saba
6%
Usedom
6%
Djerba
3%
No matching quizzes found
Score Distribution
Percent of People with Each Score
Percentile by Number Answered
Your Score History
You have not taken this quiz